Detalles MARC
| 000 -LÍDER |
| Campo fijo de descripción fija |
01378nam a2200301 i 4500 |
| 001 - NÚMERO DE CONTROL |
| Campo de control |
768714001 |
| 003 - IDENTIFICADOR DEL NÚMERO DE CONTROL |
| Campo de control |
CO-MdFUSB |
| 005 - FECHA Y HORA DE LA ULTIMA TRANSACCIÓN |
| control field |
20220404152332.0 |
| 007 - CAMPO FIJO DE DESCRIPCIÓN FIJA--INFORMACIÓN GENERAL |
| Campo fijo de descripción fija |
ta |
| 008 - ELEMENTOS DE LONGITUD FIJA -- INFORMACIÓN GENERAL |
| Campo fijo de descripción fija -- Información general |
200722n ||||| |||| 00| 0 spa d |
| 020 ## - NÚMERO INTERNACIONAL NORMALIZADO PARA LIBROS |
| Información adicional |
[No incluye ISBN] |
| 040 ## - FUENTE DE CATALOGACIÓN |
| Agencia de catalogación original |
CO-MdFUSB |
| Idioma de catalogación |
spa |
| Agencia que realiza la transcripción |
CO-MdFUSB |
| Agencia que realiza la modificación |
CO-MdFUSBC |
| Convenciones de la descripción |
rda |
| 041 ## - CÓDIGO DE IDIOMA |
| Código de idioma para texto/pista de sonido o título separado |
spa |
| 082 ## - NÚMERO DE CLASIFICACIÓN DECIMAL DEWEY |
| Número de la edición del Dewey |
23 |
| Número de clasificación |
372.6 |
| Clave de autor-Numero de item |
SE486 |
| 100 ## - ASIENTO PRINCIPAL--NOMBRE PERSONAL |
| Nombre personal |
Serna Urrea, Juan Manuel |
| Término relacionador |
autor |
| 245 ## - TÍTULO |
| Título del Material |
Introducción a la lingüística |
| Mención de responsabilidad, etc. |
/ Juan Manuel Serna Urrea |
| 264 #0 - PRODUCCIÓN, PUBLICACIÓN, DISTRIBUCIÓN, MANUFACTURA, Y COPYRIGHT |
| Lugar de producción, publicación, distribución, manufactura |
[Medellín] |
| Nombre del productor, publicador, distribuidor |
Instituto Misionero de Antropología, |
| Fecha de producción, publicación, distribución, manufactura, o copyright |
[1980] |
| 300 ## - DESCRIPCIÓN FÍSICA |
| Dimensiones |
; |
| 336 ## - TIPO DE CONTENIDO |
| Fuente |
rdacontent |
| Término de tipo de contenido |
texto |
| Código de tipo de contenido |
txt |
| 337 ## - TIPO DE MEDIO |
| Fuente |
rdamedia |
| Nombre del tipo de medio |
sin mediación |
| Código del tipo de medio |
n |
| 338 ## - TIPO DE SOPORTE |
| Fuente |
rdacarrier |
| Nombre del tipo de soporte |
volumen |
| Código Tipo de soporte |
nc |
| 490 1# - MENCIÓN DE SERIE |
| Mención de serie |
Instituto Misionero de Antropología |
| 505 ## - NOTA DE CONTENIDO |
| Nota de contenido con formato preestablecido |
Guía para la utilización del módulo -- Introducción -- Primera unidad: La lingüística como ciencia de la comunicación y los hechos del lenguaje -- Segunda unidad: Antecedentes históricos y rupturas epistemológicas de la lingüística -- Tercera unidad: El estructuralismo Ferdinand de Sawsswre y la Escuela de Ginebra -- Cuarta unidad: Lingüística de la lengua los niveles de análisis -- Quinta unidad: la lengua espaola ayer y hoy -- La lucha de fuerzas en torno a la fijación de una norma lingüística -- Bibliografía |
| 653 ## - TÉRMINO DE INDIZACIÓN - NO CONTROLADO |
| Término no controlado |
Lingüística |
| 830 ## - PUNTO DE ACCESO ADICIONAL DE SERIE - TÍTULO UNIFORME |
| Número de parte o sección de la obra |
16 |
| 942 ## - TIPO DE MATERIAL (KOHA) |
| Tipo de Item KOHA |
Libros General |
| 945 ## - INFORMACIÓN LOCAL DEL REGISTRO |
| Catalogador |
Dani |